000 00467cam a2200169ua 4500
041 _aeng
_h
082 _a621.92
_bLEE/FI
100 _aLeeson, A E .
245 _aFitting: Small tool marking lathe work and applied workshop technology /
_cA E Leeson.
_hTextual Documents
250 _a1 /
_b.
260 _aLondon :
_bSir Isaac Pitman & Sons Ltd ,
_c1960.
300 _a128 ; .
504 _a
700 1 _aSampson, P .
942 _cBK
999 _c10456
_d10456